Archives départementales (France) en image - Statistiques

Statistiques générales
  • Ce quiz a été pris 3 fois
  • Le résultat moyen est 7 sur 32
Statistiques - réponses
Par images Réponse % Correct
Calvados
67%
Hérault
67%
Loiret
67%
Mayotte
67%
Rhône
67%
Ardèche
33%
Bouches-du-Rhône
33%
Côte-d'Or
33%
Essonne
33%
Guyane
33%
Ille-et-Vilaine
33%
Landes
33%
Loire-Atlantique
33%
Paris
33%
Seine-Saint-Denis
33%
Ardennes
0%
Charente
0%
Corrèze
0%
Doubs
0%
Drôme
0%
Gard
0%
Haute-Loire
0%
Indre
0%
Indre-et-Loire
0%
Isère
0%
Maine-et-Loire
0%
Meurthe-et-Moselle
0%
Nord
0%
Saône-et-Loire
0%
Seine-Maritime
0%
Somme
0%
Vaucluse
0%
Aucun quiz correspondant
Distribution des résultats
% des personnes avec chaque résultat
Percentile par nombre de réponses
Votre historique - résultats
Vous n’avez pas pris ce quiz